Se battre pour ses idées (Registro nro. 309535)
[ vista simple ]
| 000 -ENCABEZADO | |
|---|---|
| Número de control [NR] | 01652cam a2200397 i 4500 |
| 001 - NÚMERO DE CONTROL | |
| control field | ocn777779016 |
| 003 - IDENTIFICADOR DE CONTROL NÚMERO | |
| control field | Co-BoUCM |
| 005 - FECHA Y HORA DE LA ÚLTIMA TRANSACCIÓN | |
| control field | 20180409081704.0 |
| 008 - DE LONGITUD FIJA DE DATOS DE ELEMENTOS - INFORMACIÓN GENERAL | |
| Elementos de longitud fija [NR] | 180409s2011 fr b 100 0 fre d |
| 010 ## - NUMERO DE CONTROL DE LA BIBLIOTECA DEL CONGRESO (LC) [NR] | |
| Número de control LC [NR] | 2012446168 |
| 020 ## - NUMERO INTERNACIONAL NORMALIZADO PARA LIBROS [R] | |
| Número Internacional Normalizado del libro [NR] | 9782360130764 |
| 020 ## - NUMERO INTERNACIONAL NORMALIZADO PARA LIBROS [R] | |
| Número Internacional Normalizado del libro [NR] | 2360130765 |
| 035 ## - NUMERO DE CONTROL DEL SISTEMA [R] | |
| Número de control del sistema [NR] | (OCoLC)777779016 |
| 040 ## - FUENTE DE CATALOGACION [NR] | |
| Agencia de catalogación original [NR] | DLC |
| Idioma de catalogación [NR] | eng |
| Convenciones de la descripción [NR] | rda |
| Quien Cataloga | Saul Niño |
| Quien Clasifica | Saul Niño |
| -- | Saul Niño |
| 042 ## - CODIGO DE AUTENTICACION [NR] | |
| Código de autenticación [R] | pcc |
| 043 ## - CODIGO DE AREA GEOGRAFICA [NR] | |
| Código de área geográfica [R] | e-fr--- |
| 050 00 - SIGNATURA TOPOGRAFICA DE LA BIBLIOTECA DEL CONGRESO (LC) [R] | |
| Número clasificador [R] | HN440.V5 |
| Número del ítem [NR] | S4 2011 |
| 245 00 - MENCION DE TITULO [NR] | |
| Título [NR] | Se battre pour ses idées |
| Parte restante del título [NR] | La violence militante en France des années 1920 aux années 1970 |
| Mención de responsabilidad, etc. [NR] | Sous la direction de François Audigier et Pascal Girard |
| 260 ## - PUBLICACION, DISTRIBUCION, ETC. (PIE DE IMPRENTA) [R] | |
| Lugar de publicación, distribución, etc. [R] | París |
| Nombre del editor, distribuidor, etc. [R] | Riveneuve |
| Fecha de publicación, distribución, etc. [R] | 2011 |
| 300 ## - DESCRIPCION FISICA [R] | |
| Extensión [R] | 244 páginas |
| 490 0# - MENCION DE SERIE [R] | |
| Mención de serie [R] | Actes académiques |
| 500 ## - NOTA GENERAL [R] | |
| Nota general [NR] | Based on a conference organized by CRULH, the Centre de recherche universitaire lorrain d'histoire on June 8, 2010 |
| 546 ## - NOTA DE IDIOMA [R] | |
| Nota de idioma [NR] | Texto en francés |
| 650 #7 - ASIENTO SECUNDARIO DE MATERIA - TERMINO TEMATICO [R] | |
| Término temático o nombre geográfico como elemento de entrada [NR] | Violencia política |
| Subdivisión geográfica [R] | Francia |
| Subdivisión general [R] | Historia |
| Subdivisión cronológica [R] | Siglo XX |
| 9 (RLIN) | 26287 |
| 650 #7 - ASIENTO SECUNDARIO DE MATERIA - TERMINO TEMATICO [R] | |
| Término temático o nombre geográfico como elemento de entrada [NR] | Participación política |
| Subdivisión geográfica [R] | Francia |
| Subdivisión general [R] | Historia |
| Subdivisión de forma [R] | Congresos, conferencias, etc. |
| 9 (RLIN) | 21123 |
| 650 #7 - ASIENTO SECUNDARIO DE MATERIA - TERMINO TEMATICO [R] | |
| Término temático o nombre geográfico como elemento de entrada [NR] | Delitos políticos |
| Subdivisión geográfica [R] | Francia |
| Subdivisión de forma [R] | Congresos, conferencias, etc. |
| 9 (RLIN) | 12599 |
| 650 #7 - ASIENTO SECUNDARIO DE MATERIA - TERMINO TEMATICO [R] | |
| Término temático o nombre geográfico como elemento de entrada [NR] | Partidos políticos |
| Subdivisión geográfica [R] | Francia |
| Subdivisión general [R] | Historia |
| 9 (RLIN) | 7900 |
| 651 #0 - ASIENTO SECUNDARIO DE MATERIA - NOMBRE GEOGRAFICO [R] | |
| Nombre geográfico [NR] | Francia |
| Subdivisión general [R] | Política y gobierno |
| Subdivisión cronológica [R] | Siglo XX |
| 9 (RLIN) | 91947 |
| 700 1# - ASIENTO SECUNDARIO - NOMBRE PERSONAL [R] | |
| Nombre personal [NR] | Audigier, Francois |
| Término de relación [R] | director |
| 9 (RLIN) | 91948 |
| 700 1# - ASIENTO SECUNDARIO - NOMBRE PERSONAL [R] | |
| Nombre personal [NR] | Girard, Pascal |
| Término de relación [R] | director |
| 9 (RLIN) | 91949 |
| 700 12 - ASIENTO SECUNDARIO - NOMBRE PERSONAL [R] | |
| Nombre personal [NR] | Boulouque, Sylvain |
| Title of a work | Cadres communistes et la violence |
| 9 (RLIN) | 91950 |
| 710 2# - ASIENTO SECUNDARIO - NOMBRE CORPORATIVO [R] | |
| Nombre corporativo o de jurisdicción como elemento de entrada [NR] | Centre de recherche universitaire lorrain d'histoire |
| 9 (RLIN) | 91946 |
| 830 #0 - ASIENTO SECUNDARIO DE SERIE--TITULO UNIFORME [R] | |
| Título uniforme [NR] | Actes académiques. |
| 9 (RLIN) | 91951 |
| 942 ## - ELEMENTOS DE ENTRADA AGREGADOS (KOHA) | |
| Sistema de clasificación | DEWEY |
| Tema principal | Ciencia política |
| Tipo de ítem principal el descrito en 300a | Libro |
| Edición | 1 |
| Clasificación | 320 |
| Parte restante de la signatura top. | B336p |
| Fecha de último préstamo | Total préstamos | Signatura topográfica | Código de barras | Última vez visto | Ejemplar | Costo de reposición | Price effective from | Tipo de ítem | Perdido | Sistema de clasificación | Dañado | No prestable | Tipo de ítem específico | Suprimido | Ubicación habitual | Ubicación actual | Localización | Fecha de creación | Proveedor | Forma de adquisición | Costo |
|---|---|---|---|---|---|---|---|---|---|---|---|---|---|---|---|---|---|---|---|---|---|
| 18/04/2018 | 1 | 320 B336p | 100157005 | 05/06/2024 | Ej.1 | 131728.00 | 06/04/2018 | Libro | DEWEY | Libro | Bodega | Bodega | 3er piso | 06/04/2018 | 19 | Compra | 131728.00 |